000 02563nkm0a2200445 4500
001 RU\NLR\DIGIT\525835
005 20250806205646.0
010 _d50 к.
_940000 экз.
020 _aRU
_b565
_9ЛЕНИНГРАД В ВЕЛИКОЙ ОТЕЧЕСТВЕННОЙ ВОЙНЕ: Печать Ленинграда, 1941 - 1945: каталог изданий, хранящихся в фондах Государственной Публичной библиотеки, вып.2. Листовки,плакаты,открытки,альбомы/Гос.публ.б-ка им.М.Е.Салтыкова-Щедрина. - Ленинград,1972
035 _a(NLR Aleph) 010459980
090 _a75825
_c75825
100 _a20140811j1941 m y0rusy50 ca
101 0 _arus
102 _aRU
116 _adiycxx zz ad
135 _acrcn 024anaba
200 1 _aДолой кровавого Гитлера!
_e[Плакат]
_fХудож. С.Ф. Яневич
210 _a[Ленинград]
_cИзорам
_d1941, июль
215 _a1 л.
_d25x31 см
325 _aКопия доступна в Электрон. б-ке РНБ http://vivaldi.nlr.ru/la000070050/view
327 _aНемецкий солдат вешает на проволочное заграждение лист с надписью: "Долой кровавого Гитлера
517 1 _aНаблюдатель донес, что к проволочному забору ползут три неприятельских солдата...
540 1 _aНаблюдатель донес, что к проволочному забору ползут три неприятельских солдата...
606 1 _aБлокада Ленинграда
_z1941 - 1944
_jПлакаты
_2nlr_sh1
_2nlr_sh2
_3RU\NLR\AUTH\661253360
610 0 _aПлакаты
702 1 _aЯневич
_bС.Ф.
_4040
801 2 _aRU
_bNLR
_c20140807
_2rusmarc
852 _aNLR
_bЛ3-310 п
_j13/1-2
852 0 0 _aNLR
_bЭ
_jПлИр995
852 0 0 _aNLR
_bЭ
_jПлИр995
856 0 _uhttp://vivaldi.nlr.ru/la000070050/view
856 1 _uhttp://vivaldi.nlr.ru/la000070050/cover
856 2 _uhttp://vivaldi.nlr.ru/la000070050/text
942 _cVISUAL
945 _aРоссийская национальная библиотека
980 _aBV
981 1 7 _a(17) Изографические материалы
_b(17) Плакаты
981 3 7 _a(37) Ленинград в Великой Отечественной войне